| 000 | 00491nam a2200169Ia 4500 | ||
|---|---|---|---|
| 008 | 121211t1963 xxu||||| |||| 00| 0 sin d | ||
| 041 | _asin | ||
| 080 |
_a8S-31 _bJIN |
||
| 100 | _aJinadasa, A.T.C. | ||
| 245 | _aබද්ධ වෛරය හෙවත් නැන්දා සහ ලේලි | ||
| 246 | _aBadda Yairaya HewathNenda Saha Leli | ||
| 260 |
_bGunasena _aColombo _c1963 |
||
| 300 | _a184p., 18 cm | ||
| 942 | _cBK | ||
| 999 |
_c69582 _d69582 |
||
| 003 | LK-CoDNM | ||
| 040 |
_aLK-CoDNM _dLK-CoDNM _eLK-CoDNM |
||